00956nam a2200253 i 450000100060000000300090000600500170001500700030003200800410003502000180007608000150009410000400010924502100014926000310035930000220039049000160041265000250042870000250045370000280047883000240050685200330053099900170056395201220058015904ES-MaACL20250730063047.0t|000518s1999 sp ||||1| spa d a84-306-0369-7 a008(4)"18" aBerlin, Isaiah, d1909-1997923935614aLas raíces del romanticismo b: conferencias A. W. Mellon en Bellas Artes, 1965 : The National Gallery of Art, Washington DC / cIsaiah Berlin ; edición de Henry Hardy ; traducción de Silvina Marí. aMadrid : bTaurus, c1999. a226 p. ; c22 cm.1 aPensamiento 4aRomanticismo.9169431 aHardy, Henry.9618311 aMarí, Silvina.9766460 aPensamiento9178722 aES-MaACLjL-22879 bR.128316 c15904d15904 00104070aATENEOMbATENEOMcDEPO2d2008-01-17eSCl0oL-22879p1016164r2023-02-23 00:00:00w2023-02-23yMONOGRAFIA